[Event "SC Bad Windsheim 1920 e.V. 1-SpVgg. Zabo"]
[Site "?"]
[Date "2012.10.07"]
[Round "6.5"]
[White "Schlötterer, Hermann"]
[Black "Wellhöfer, Matthias"]
[Result "1/2-1/2"]
[WhiteElo "1933"]
[BlackElo "1628"]
[PlyCount "82"]
[EventDate "2012.??.??"]
[WhiteTeam "SpVgg. Zabo-Eintracht N e.V. 1"]
[BlackTeam "SC Bad Windsheim 1920 e.V. 1"]

1. d4 e6 2. g3 f5 3. Bg2 Nf6 4. c4 Bb4+ 5. Bd2 Bxd2+ 6. Nxd2 O-O 7. Nh3 d6 8.
Nf3 Qe7 9. Nf4 c6 10. Nd3 Nbd7 11. Qb3 Kh8 12. Qa3 Ne4 13. b3 Qf6 14. Qb2 Re8
15. O-O e5 16. dxe5 dxe5 17. Rad1 Nd6 18. Nd2 e4 19. Qxf6 Nxf6 20. Nf4 g5 21.
Nh3 Nf7 22. Rfe1 e3 23. fxe3 Rxe3 24. Nf2 Bd7 25. Nf1 Re7 26. Nd3 Rae8 27. e3
Bc8 28. Nc5 f4 29. gxf4 gxf4 30. e4 Bg4 31. Rd2 f3 32. Bh1 Ng5 33. Ng3 b6 34.
Rd6 Kg7 35. Nd3 Nfxe4 36. Nxe4 Nxe4 37. Rd4 c5 38. Rd5 Kf6 39. h4 Rg8 40. Kh2
h5 41. Nf4 Re5 1/2-1/2

[Event "SC Bad Windsheim 1920 e.V. 1-SpVgg. Zabo"]
[Site "?"]
[Date "2012.10.07"]
[Round "6.6"]
[White "Kaiser, Hans"]
[Black "Ziegler, Peter"]
[Result "1/2-1/2"]
[WhiteElo "2100"]
[BlackElo "1820"]
[PlyCount "33"]
[EventDate "2012.??.??"]
[WhiteTeam "SC Bad Windsheim 1920 e.V. 1"]
[BlackTeam "SpVgg. Zabo-Eintracht N e.V. 1"]

1. e4 e6 2. d4 d5 3. e5 c5 4. c3 Qb6 5. Nf3 Nc6 6. a3 a5 7. b3 Bd7 8. Be2 Nh6
9. Bxh6 gxh6 10. O-O Bg7 11. a4 O-O 12. Bb5 Rac8 13. Na3 Rfd8 14. Qd2 cxd4 15.
cxd4 Nb4 16. Rfc1 Bc6 17. Rc3 1/2-1/2

[Event "SC Bad Windsheim 1920 e.V. 1-SpVgg. Zabo"]
[Site "?"]
[Date "2012.10.07"]
[Round "6.7"]
[White "Keller, Gerhard"]
[Black "Böllmann, Dierk"]
[Result "1-0"]
[WhiteElo "1967"]
[BlackElo "1566"]
[PlyCount "83"]
[EventDate "2012.??.??"]
[WhiteTeam "SpVgg. Zabo-Eintracht N e.V. 1"]
[BlackTeam "SC Bad Windsheim 1920 e.V. 1"]

1. e4 c6 2. d4 d5 3. exd5 cxd5 4. Bd3 Nf6 5. h3 Qb6 6. Nf3 e6 7. O-O h6 8. c3
Bd6 9. Nbd2 Nc6 10. Re1 O-O 11. a4 Re8 12. b4 a6 13. Nb3 e5 14. dxe5 Nxe5 15.
Nxe5 Bxe5 16. Be3 Qc6 17. Bd4 Bxd4 18. cxd4 Be6 19. Nc5 Nd7 20. Qb3 Nxc5 21.
bxc5 Bd7 22. Bc2 Rab8 23. Rxe8+ Rxe8 24. Rb1 Bc8 25. Qd3 g6 26. Rb6 Re1+ 27.
Kh2 Qc7+ 28. Qg3 Qxg3+ 29. Kxg3 Kg7 30. Kf3 Kf8 31. Rd6 Ke7 32. Rxd5 Be6 33.
Rd6 Ra1 34. Be4 Ra3+ 35. Ke2 Bc8 36. Rb6 Rxa4 37. Bxb7 Bxb7 38. Rxb7+ Ke6 39.
Kd3 Ra2 40. Rb6+ Kd7 41. d5 a5 42. Rb7+ 1-0

[Event "SC Bad Windsheim 1920 e.V. 1-SpVgg. Zabo"]
[Site "?"]
[Date "2012.10.07"]
[Round "6.8"]
[White "Krenz, Marco"]
[Black "Baumann, Mathias"]
[Result "0-1"]
[WhiteElo "1260"]
[BlackElo "2006"]
[PlyCount "38"]
[EventDate "2012.??.??"]
[WhiteTeam "SC Bad Windsheim 1920 e.V. 1"]
[BlackTeam "SpVgg. Zabo-Eintracht N e.V. 1"]

1. c3 c5 2. d3 g6 3. f4 d5 4. Nf3 Nc6 5. e3 Bg7 6. Be2 Qc7 7. Nbd2 Nf6 8. Nf1
Bd7 9. Ng3 h5 10. Nh4 e5 11. O-O O-O-O 12. a3 Ng4 13. h3 Nh6 14. b4 exf4 15.
exf4 Bxc3 16. Rb1 cxb4 17. Qb3 Nd4 18. Qxd5 Bf5 19. Qa2 Be6 0-1